000 01074nam2a2200277 4500
001 RU\NLR\bibl\1926179
005 20250616201926.0
010 _a978-5-358-09932-6
_bч. 2
_91500
021 _aRU
_b2012-47539
_93483
021 _aRU
_b2012-63589
_94667
035 _a(NLR Aleph) 001915581
090 _a3235573
_c3235573
100 _a20120718d2012 |||y0rusy50 ca
101 0 _arus
102 _aRU
105 _aac |||||||||
200 0 _aЧ. 2
205 _a(и 3-е изд. стер.)
215 _a252, [1] с., [8] л. ил., цв. ил., портр.
_cил., портр.
461 0 _1001RU\NLR\bibl\2009778
_12001#$aЛитература$vЧ. 2
_94323297
_cМосква
_d2012
_f[авт.-сост.: М.В. Черкезова и др.]
_nДрофа
_oучебник-хрестоматия для общеобразовательных учреждений : 5 [класс] : в 2 ч.
_tЛитература
_y9785358099333
_vЧ. 2
801 0 _aRU
_bNLR
_c20120718
_gRCR
801 1 _aRU
_bNLR
_c20120718
942 _cBOOK
980 _aNB